Największe miasta Cesarstwa Bizantyńskiego - Statystyki

Ogólne statystyki
  • Ten quiz został rozwiązany 1 300 razy
    1 281 od ostatniego zresetowania
  • Średni wynik to 11 z 19
Statystyki odpowiedzi
Ludność Lata panowania Miasto % Poprawnych
15,9 mln 395 – 1453 Stambuł
95%
3,58 mln 395 – 1204 Ateny
92%
22,5 mln 395 – 641 Kair
83%
3,43 mln 536 – 731 Rzym
83%
5,15 mln 395 – 1073 Ankara
82%
6,2 mln 395 – 641 Aleksandria
69%
3,88 mln 395 – 634 Damaszek
66%
4,05 mln 395 – 763 Neapol
62%
6,1 mln 540 – 569 Mediolan
59%
2,7 mln 534 – 698 Tunis
58%
4,25 mln 534 – 698 Algier
53%
1,82 mln 534 – 643 Trypolis
50%
3 mln 395 – 1081 Izmir
48%
1,9 mln 395 – 635 Bejrut
46%
2,95 mln 395 – 634 Tel Awiw
42%
6 mln 395 – 634 Amman
40%
1,94 mln 395 – 634 Aleppo
23%
2,18 mln 395 – 1326 Bursa
22%
2,2 mln 395 – 638 Gaza
8%
Nie znaleziono quizów pasujących do podanych kryteriów
Rozkład punktacji
Procent ludzi z każdym wynikiem
Percentyl według liczby udzielonych odpowiedzi
Twoja historia wyników
Nie rozwiązałeś tego quizu od ostatniego zresetowania